Completing our streets : (Record no. 7641)

000 -LEADER
fixed length control field 01266cam a2200229 i 4500
003 - CONTROL NUMBER IDENTIFIER
control field OSt
005 - DATE AND TIME OF LATEST TRANSACTION
control field 20200317114853.0
008 - FIXED-LENGTH DATA ELEMENTS--GENERAL INFORMATION
fixed length control field 130326t20132013dcua b 001 0 eng
020 ## - INTERNATIONAL STANDARD BOOK NUMBER
International Standard Book Number 9781610914314 (pbk. : alk. paper)
040 ## - CATALOGING SOURCE
Original cataloging agency DLC
Language of cataloging eng
Transcribing agency DLC
Description conventions rda
Modifying agency DLC
082 00 - DEWEY DECIMAL CLASSIFICATION NUMBER
Classification number 388.411
Edition number 23
Item number BAR
100 1# - MAIN ENTRY--PERSONAL NAME
Personal name McCann, Barbara.
245 10 - TITLE STATEMENT
Title Completing our streets :
Remainder of title the transition to safe and inclusive transportation networks /
Statement of responsibility, etc Barbara McCann.
300 ## - PHYSICAL DESCRIPTION
Extent xvi, 205 pages :
Other physical details illustrations ;
Dimensions 23 cm.
504 ## - BIBLIOGRAPHY, ETC. NOTE
Bibliography, etc Includes bibliographical references (pages 185-191) and index.
505 0# - FORMATTED CONTENTS NOTE
Formatted contents note Why we build incomplete streets -- How the complete streets movement succeeds -- Closing the gap between policy and practice -- Process over projects: changing how decisions are made -- Looking for every opportunity -- Practitioners as champions -- Answering a loaded question: how much do complete streets cost? -- The balancing act: setting priorities for different users -- Expanding complete streets.
650 #0 - SUBJECT ADDED ENTRY--TOPICAL TERM
Topical term or geographic name as entry element Urban transportation policy
Geographic subdivision United States
General subdivision Citizen participation.
650 #0 - SUBJECT ADDED ENTRY--TOPICAL TERM
Topical term or geographic name as entry element Streets
Geographic subdivision United States
General subdivision Planning.
650 #0 - SUBJECT ADDED ENTRY--TOPICAL TERM
Topical term or geographic name as entry element Traffic safety
Geographic subdivision United States
General subdivision Planning.
650 #0 - SUBJECT ADDED ENTRY--TOPICAL TERM
Topical term or geographic name as entry element City planning
Geographic subdivision United States
General subdivision Citizen participation.
942 ## - ADDED ENTRY ELEMENTS (KOHA)
Source of classification or shelving scheme
Holdings
Withdrawn status Lost status Source of classification or shelving scheme Damaged status Koha normalized classification for sorting Not for loan Permanent location Current location Date acquired Total Checkouts Full call number Barcode Date last seen Date last borrowed Price effective from Koha item type
        388_411000000000000_BAR   BMS College of Architecture, Design and Planning BMS College of Architecture, Design and Planning 2020-03-17 1 388.411 BAR AR-PG226 2024-05-06 2024-04-20 2020-03-17 PG Books
Copyright © 2025, The Librarian, Library and Information Centre, BMSCA D&P, Bengaluru. All Rights Reserved
web counter

Powered by Koha